000 00610nam a22002417a 4500
003 UA-OsUOA
001 100888
007 ta
008 20130603b un ||||| |||| 00| 0 ukr d
100 _aШевал М.
700 _aВале П.
090 _a821.113.6
_bШ37
942 _cBK
040 _aUA-OsUOA
_bukr
_cUA-OsUOA
_dUA-OsUOA
245 _aГіркий сміх
_bроман
300 _a188 с.
955 _a3
041 _aukr
080 _a821.113.6
260 _aК.
_bМолодь
_c1976
650 7 _a82 Література. Літературознавство
_2UDC
999 _c386755
_d386755